Statistics for Languages in Their Own Language

Click here to take the quiz!

General Stats

  • This quiz has been taken 213 times
    (210 since last reset)
  • The average score is 14 of 20

Answer Stats

LanguageEnglish% Correct
FrançaisFrench
97%
DeutschGerman
96%
NederlandsDutch
94%
DanskDanish
93%
SuomiFinnish
93%
NorskNorwegian
92%
CatalàCatalan
91%
MakedonskiMacedonian
91%
KurdîKurdish
86%
PaṃjābīPunjabi
86%
GaeilgeIrish
80%
FarsiPersian
76%
Bahasa MelayuMalay
69%
Qazaq tiliKazakh
61%
HangugeoKorean
56%
FøroysktFaroese
49%
EuskaraBasque
48%
PutonghuaMandarin
39%
IvritHebrew
33%
SilôtiSylheti
12%

Score Distribution

Percentile by Number Answered

Percent of People with Each Score

Your Score History

You have not taken this quiz since the last reset